[Event "Bundesliga 9798"]
[Site "Deutschland"]
[Date "1998.??.??"]
[Round "?.5"]
[White "Thinius, Marco"]
[Black "Schroll, Gerhard"]
[Result "1/2-1/2"]
[WhiteElo "2310"]
[BlackElo "2405"]
[PlyCount "121"]
[EventDate "1997.10.??"]
[EventType "team"]
[EventRounds "15"]
[EventCountry "GER"]
[SourceTitle "Bundesliga 9798"]
[Source "DeepChess"]
[SourceDate "2005.01.01"]
[SourceVersion "1"]
[SourceVersionDate "2005.01.01"]
[SourceQuality "1"]
[WhiteTeam "SV Empor Berlin e.V."]
[BlackTeam "SVG Plettenberg"]
[WhiteTeamCountry "GER"]
[BlackTeamCountry "GER"]

1. b3 Nf6 2. Bb2 g6 3. Nf3 Bg7 4. g3 O-O 5. Bg2 d6 6. d4 e5 7. dxe5 Ng4 8. Qc1
Nxe5 9. Nxe5 dxe5 10. O-O c6 11. Nd2 Qc7 12. Rd1 Rd8 13. Nc4 Rxd1+ 14. Qxd1 Be6
15. Qd6 Na6 16. Qxc7 Nxc7 17. Na5 Rb8 18. Rd1 f6 19. c4 Bf8 20. Bc3 Na6 21. Kf1
Kf7 22. Rd2 Bc5 23. e3 Bb6 24. Ke2 Nc5 25. f3 Re8 26. Rd1 e4 27. b4 Bxa5 28.
bxa5 Bxc4+ 29. Kd2 Rd8+ 30. Kc2 Rxd1 31. Kxd1 exf3 32. Bxf3 Bxa2 33. Bd4 Ne6
34. Bxa7 Bc4 35. Kd2 Ng5 36. Bg2 Bd5 37. Bf1 Nf3+ 38. Kc3 Nxh2 39. Be2 Ke6 40.
Kd4 f5 41. Bb8 h5 42. Bf4 Bg2 43. Bg5 Kd7 44. Bf4 Bf3 45. Bc4 Be4 46. Be2 Bd5
47. Kc5 Bf3 48. Bc4 Bd5 49. Be2 Ng4 50. Bxg4 fxg4 51. Kd4 Ke6 52. e4 Ba2 53.
Bc7 Bb1 54. Bb6 g5 55. Bd8 h4 56. gxh4 gxh4 57. Bxh4 Bc2 58. Bg3 Bd1 59. Bf4
Be2 60. Bg3 Bf3 61. Bf4 1/2-1/2

[Event "Bundesliga 9798"]
[Site "Deutschland"]
[Date "1998.??.??"]
[Round "?.6"]
[White "Thiel, Thomas"]
[Black "Richter, Michael"]
[Result "0-1"]
[WhiteElo "2345"]
[BlackElo "2370"]
[PlyCount "84"]
[EventDate "1997.10.??"]
[EventType "team"]
[EventRounds "15"]
[EventCountry "GER"]
[SourceTitle "Bundesliga 9798"]
[Source "DeepChess"]
[SourceDate "2005.01.01"]
[SourceVersion "1"]
[SourceVersionDate "2005.01.01"]
[SourceQuality "1"]
[WhiteTeam "SVG Plettenberg"]
[BlackTeam "SV Empor Berlin e.V."]
[WhiteTeamCountry "GER"]
[BlackTeamCountry "GER"]

1. e4 c5 2. Nf3 Nc6 3. Bb5 e6 4. O-O Nge7 5. b3 Ng6 6. Bb2 f6 7. d4 cxd4 8.
Nxd4 Bc5 9. Kh1 O-O 10. f4 Qb6 11. Bxc6 dxc6 12. Nc3 Bxd4 13. Na4 Qc7 14. Qxd4
Nxf4 15. e5 fxe5 16. Qc5 Rf5 17. Rae1 b6 18. Bxe5 Qd7 19. Qa3 Ng6 20. Nxb6 axb6
21. Qxa8 Rxf1+ 22. Rxf1 Nxe5 23. Qb8 Ng4 24. h3 Nf6 25. Qxb6 e5 26. a4 h6 27.
a5 Kh7 28. a6 Nd5 29. Qc5 Bxa6 30. c4 Qe7 31. Qa5 Nb4 32. Re1 c5 33. Qa1 e4 34.
Qd1 Bb7 35. Qg4 Qf7 36. Kg1 Qg6 37. Qd7 Bc6 38. Qe7 Nd3 39. Re3 Nf4 40. g3
Nxh3+ 41. Kh2 Nf2 42. Kg2 Ng4 0-1

[Event "Bundesliga 9798"]
[Site "Deutschland"]
[Date "1998.??.??"]
[Round "?.7"]
[White "Deev, Andrei"]
[Black "Luethgens, Eike"]
[Result "1/2-1/2"]
[WhiteElo "2400"]
[BlackElo "2305"]
[PlyCount "152"]
[EventDate "1997.10.??"]
[EventType "team"]
[EventRounds "15"]
[EventCountry "GER"]
[SourceTitle "Bundesliga 9798"]
[Source "DeepChess"]
[SourceDate "2005.01.01"]
[SourceVersion "1"]
[SourceVersionDate "2005.01.01"]
[SourceQuality "1"]
[WhiteTeam "SV Empor Berlin e.V."]
[BlackTeam "SVG Plettenberg"]
[WhiteTeamCountry "GER"]
[BlackTeamCountry "GER"]

1. e4 Nf6 2. e5 Nd5 3. d4 d6 4. Nf3 g6 5. Bc4 Nb6 6. Bb3 Bg7 7. Qe2 d5 8. Bf4
Bg4 9. Nbd2 a5 10. c3 a4 11. Bc2 e6 12. O-O O-O 13. h3 Bxf3 14. Nxf3 c5 15. h4
cxd4 16. cxd4 Nc6 17. Bg5 Qc7 18. Rac1 Nd7 19. Bb1 Qb6 20. Rcd1 Ra5 21. h5 Rb5
22. Bc1 Rc8 23. g3 Nf8 24. Kg2 Na5 25. Bc2 Rb4 26. a3 Rxb2 27. Bxb2 Qxb2 28.
Bd3 Qxe2 29. Bxe2 Nd7 30. hxg6 hxg6 31. Rc1 Nc4 32. Nd2 b5 33. Nxc4 bxc4 34.
Bd1 Ra8 35. Bc2 Bf8 36. Ra1 Nb8 37. Kf3 Nc6 38. Ke3 Be7 39. Rfb1 Ra6 40. Rb7
Bd8 41. Rab1 Ba5 42. Bxa4 Bd2+ 43. Kxd2 Rxa4 44. Ra1 Nxd4 45. Kc3 Nf3 46. Rb4
Ra6 47. Rb8+ Kg7 48. Kb4 Nxe5 49. Kb5 Ra7 50. a4 c3 51. Rc8 Nc4 52. Rxc4 dxc4
53. Rc1 Rb7+ 54. Kxc4 Rb2 55. Rxc3 Rxf2 56. Ra3 Rc2+ 57. Kb5 Rb2+ 58. Kc6 Rc2+
59. Kd7 Rd2+ 60. Ke7 Rb2 61. a5 Rb7+ 62. Kd6 Ra7 63. Kc6 f5 64. Kb6 Ra8 65. Kb7
Rh8 66. a6 Kf6 67. a7 Kg5 68. a8=Q Rxa8 69. Rxa8 Kg4 70. Kc6 Kxg3 71. Ra3+ Kg2
72. Kc5 e5 73. Kd5 e4 74. Ke5 Kf2 75. Kf4 e3 76. Rxe3 g5+ 1/2-1/2

[Event "Bundesliga 9798"]
[Site "Deutschland"]
[Date "1998.??.??"]
[Round "?.8"]
[White "Schlecht, Daniel"]
[Black "Apel, Stefan"]
[Result "1-0"]
[WhiteElo "2270"]
[BlackElo "2305"]
[PlyCount "57"]
[EventDate "1997.10.??"]
[EventType "team"]
[EventRounds "15"]
[EventCountry "GER"]
[SourceTitle "Bundesliga 9798"]
[Source "DeepChess"]
[SourceDate "2005.01.01"]
[SourceVersion "1"]
[SourceVersionDate "2005.01.01"]
[SourceQuality "1"]
[WhiteTeam "SVG Plettenberg"]
[BlackTeam "SV Empor Berlin e.V."]
[WhiteTeamCountry "GER"]
[BlackTeamCountry "GER"]

1. d4 d5 2. c4 e6 3. Nf3 c6 4. e3 f5 5. Be2 Nf6 6. O-O Be7 7. b3 O-O 8. Ba3 Ne4
9. Ne5 Nd7 10. Nd3 b6 11. f3 Bxa3 12. Nxa3 Nc3 13. Qd2 Nxe2+ 14. Qxe2 Qe7 15.
Qb2 Bb7 16. Rfe1 Rf6 17. b4 Rh6 18. Rac1 Qh4 19. g3 Qh5 20. Rf1 Qg5 21. Rce1
Rc8 22. Rf2 dxc4 23. Nxc4 Nf6 24. Nd6 Rc7 25. Qb3 Nd5 26. e4 fxe4 27. fxe4 Ne3
28. Nf4 Ng4 29. Nxe6 1-0

[Event "Bundesliga 9798"]
[Site "Deutschland"]
[Date "1998.??.??"]
[Round "?.1"]
[White "Womacka, Mathias"]
[Black "Muse, Mladen"]
[Result "1-0"]
[WhiteElo "2475"]
[BlackElo "2460"]
[PlyCount "99"]
[EventDate "1997.10.??"]
[EventType "team"]
[EventRounds "15"]
[EventCountry "GER"]
[SourceTitle "Bundesliga 9798"]
[Source "DeepChess"]
[SourceDate "2005.01.01"]
[SourceVersion "1"]
[SourceVersionDate "2005.01.01"]
[SourceQuality "1"]
[WhiteTeam "USG Chemnitz"]
[BlackTeam "SV Empor Berlin e.V."]
[WhiteTeamCountry "GER"]
[BlackTeamCountry "GER"]

1. e4 c5 2. Nf3 Nc6 3. d4 cxd4 4. Nxd4 Nf6 5. Nc3 e5 6. Ndb5 d6 7. Bg5 a6 8.
Na3 b5 9. Nd5 Be7 10. Nxe7 Nxe7 11. Bd3 Bb7 12. Qe2 Nd7 13. c4 Nc5 14. cxb5 f6
15. Bd2 d5 16. exd5 Qxd5 17. Bc4 Qxg2 18. O-O-O Rc8 19. Rhg1 Qe4 20. Bc3 Qxe2
21. Bxe2 O-O 22. Kb1 Kh8 23. Bb4 Be4+ 24. Ka1 Nd5 25. Bxc5 Rxc5 26. bxa6 g5 27.
Rc1 Ra5 28. Rgd1 Rb8 29. Nc4 Ra4 30. Nd6 Bg2 31. Rc8+ Rxc8 32. Nxc8 Nb4 33. a3
Nxa6 34. Nb6 Ra5 35. Nc4 Rd5 36. Rxd5 Bxd5 37. Nxe5 Nc5 38. Ng4 Kg7 39. b4 Ne4
40. Kb2 h5 41. Ne3 Be6 42. f3 Nd6 43. Kc3 f5 44. Kd4 Kf6 45. Nd5+ Bxd5 46. Kxd5
Nc8 47. b5 f4 48. Kc5 Ke5 49. b6 Nd6 50. Kc6 1-0

[Event "Bundesliga 9798"]
[Site "Deutschland"]
[Date "1998.??.??"]
[Round "?.2"]
[White "Poldauf, Dirk"]
[Black "Roesch, Arnd"]
[Result "1/2-1/2"]
[WhiteElo "2455"]
[BlackElo "2350"]
[PlyCount "83"]
[EventDate "1997.10.??"]
[EventType "team"]
[EventRounds "15"]
[EventCountry "GER"]
[SourceTitle "Bundesliga 9798"]
[Source "DeepChess"]
[SourceDate "2005.01.01"]
[SourceVersion "1"]
[SourceVersionDate "2005.01.01"]
[SourceQuality "1"]
[WhiteTeam "SV Empor Berlin e.V."]
[BlackTeam "USG Chemnitz"]
[WhiteTeamCountry "GER"]
[BlackTeamCountry "GER"]

1. c4 Nf6 2. Nc3 d6 3. g3 Nbd7 4. Bg2 e5 5. e3 Be7 6. Nge2 O-O 7. O-O c6 8. d4
Re8 9. b3 Bf8 10. Qc2 Qc7 11. Bb2 Rb8 12. a4 b6 13. h3 a6 14. g4 h6 15. f4 exd4
16. Nxd4 Bb7 17. g5 Nh5 18. gxh6 g6 19. Ne4 Bxh6 20. Rad1 c5 21. Ne2 Bxe4 22.
Bxe4 Ndf6 23. Bd5 Nxd5 24. Rxd5 Rxe3 25. Rxh5 gxh5 26. Rf2 Re6 27. f5 Re5 28.
Bxe5 dxe5 29. Rg2+ Kh8 30. Nc3 Qd8 31. Nd5 Qh4 32. Qe2 f6 33. Rg6 Bg5 34. Kg2
Rd8 35. Qf3 b5 36. axb5 axb5 37. Qf2 Qxf2+ 38. Kxf2 bxc4 39. bxc4 Rd6 40. Kf3
h4 41. Ke4 Kh7 42. Kf3 1/2-1/2

[Event "Bundesliga 9798"]
[Site "Deutschland"]
[Date "1998.??.??"]
[Round "?.3"]
[White "Kunze, Carlo"]
[Black "Volke, Karsten"]
[Result "0-1"]
[WhiteElo "2340"]
[BlackElo "2455"]
[PlyCount "156"]
[EventDate "1997.10.??"]
[EventType "team"]
[EventRounds "15"]
[EventCountry "GER"]
[SourceTitle "Bundesliga 9798"]
[Source "DeepChess"]
[SourceDate "2005.01.01"]
[SourceVersion "1"]
[SourceVersionDate "2005.01.01"]
[SourceQuality "1"]
[WhiteTeam "USG Chemnitz"]
[BlackTeam "SV Empor Berlin e.V."]
[WhiteTeamCountry "GER"]
[BlackTeamCountry "GER"]

1. d4 Nf6 2. c4 g6 3. Nc3 Bg7 4. e4 d6 5. Nf3 O-O 6. Be2 e5 7. d5 a5 8. Bg5 h6
9. Bh4 Na6 10. Nd2 Qe8 11. O-O Nh7 12. a3 Bd7 13. b3 h5 14. f3 Bf6 15. Bf2 h4
16. Rb1 Nc5 17. Qc2 Bg5 18. b4 axb4 19. axb4 Na4 20. c5 h3 21. g3 Bxd2 22. Qxd2
Nxc3 23. Qxc3 Bb5 24. Qd2 Ra3 25. Be3 Qd7 26. Rfc1 Rfa8 27. Rb2 Bxe2 28. Qxe2
Qa4 29. cxd6 cxd6 30. Bh6 Ra1 31. Rbb1 Rxb1 32. Rxb1 Rc8 33. Qf1 Qa7+ 34. Kh1
Qa3 35. Qxh3 Qxf3+ 36. Qg2 Qd3 37. Re1 Rc2 38. Qf1 Qxf1+ 39. Rxf1 Rc4 40. b5
Rb4 41. g4 Rxb5 42. g5 b6 43. Ra1 Ra5 44. Rc1 Rc5 45. Ra1 Rc8 46. Rb1 Rb8 47.
Rb5 Nf8 48. Bxf8 Kxf8 49. Kg2 Ke7 50. Kf3 Kd7 51. Ke3 Kc7 52. Rb2 Rh8 53. Rf2
Rh3+ 54. Kd2 b5 55. Rxf7+ Kb6 56. Rd7 Kc5 57. Rc7+ Kd4 58. Rc6 Rxh2+ 59. Kc1
Kxe4 60. Rxd6 Kf5 61. Rb6 Rh4 62. Rxb5 Rd4 63. Kc2 Kxg5 64. Kc3 Kf5 65. Rb1 g5
66. Rf1+ Kg6 67. Rf8 Rxd5 68. Rg8+ Kf5 69. Rf8+ Ke4 70. Rg8 Kf4 71. Rf8+ Kg3
72. Kc4 Rd4+ 73. Kc3 g4 74. Rf5 Rd5 75. Kc4 Ra5 76. Kb4 Ra8 77. Rxe5 Rc8 78.
Rg5 Kf4 0-1

[Event "Bundesliga 9798"]
[Site "Deutschland"]
[Date "1998.??.??"]
[Round "?.5"]
[White "Kyas, Juergen"]
[Black "Thinius, Marco"]
[Result "1/2-1/2"]
[WhiteElo "2265"]
[BlackElo "2310"]
[PlyCount "41"]
[EventDate "1997.10.??"]
[EventType "team"]
[EventRounds "15"]
[EventCountry "GER"]
[SourceTitle "Bundesliga 9798"]
[Source "DeepChess"]
[SourceDate "2005.01.01"]
[SourceVersion "1"]
[SourceVersionDate "2005.01.01"]
[SourceQuality "1"]
[WhiteTeam "USG Chemnitz"]
[BlackTeam "SV Empor Berlin e.V."]
[WhiteTeamCountry "GER"]
[BlackTeamCountry "GER"]

1. e4 e5 2. Bc4 Nf6 3. d3 c6 4. Nf3 Be7 5. Bb3 O-O 6. O-O d6 7. Nbd2 Nbd7 8. c3
Qc7 9. Re1 b5 10. d4 Bb7 11. Nf1 h6 12. Ng3 Rfe8 13. Be3 Bf8 14. Bc2 Nb6 15. b3
Nbd7 16. h3 a6 17. Qd2 Rad8 18. Qc1 Kh8 19. Kh1 Ng8 20. Bd3 Ndf6 21. c4 1/2-1/2

[Event "Bundesliga 9798"]
[Site "Deutschland"]
[Date "1998.??.??"]
[Round "?.6"]
[White "Richter, Michael"]
[Black "Mirschinka, Dirk"]
[Result "1/2-1/2"]
[WhiteElo "2370"]
[BlackElo "2260"]
[PlyCount "123"]
[EventDate "1997.10.??"]
[EventType "team"]
[EventRounds "15"]
[EventCountry "GER"]
[SourceTitle "Bundesliga 9798"]
[Source "DeepChess"]
[SourceDate "2005.01.01"]
[SourceVersion "1"]
[SourceVersionDate "2005.01.01"]
[SourceQuality "1"]
[WhiteTeam "SV Empor Berlin e.V."]
[BlackTeam "USG Chemnitz"]
[WhiteTeamCountry "GER"]
[BlackTeamCountry "GER"]

1. d4 d6 2. Nf3 Nf6 3. c4 Nbd7 4. Nc3 e5 5. e4 Be7 6. Be2 O-O 7. O-O c6 8. d5
a6 9. Bd2 cxd5 10. cxd5 b5 11. b4 Nb6 12. Qb3 Bd7 13. Rfc1 Qb8 14. h3 Rc8 15.
Be3 Qb7 16. Nd2 Ne8 17. Qb1 Bd8 18. g4 Rab8 19. a3 g6 20. Kh2 Kg7 21. Ra2 h6
22. Rac2 Bg5 23. Bxg5 hxg5 24. Nb3 Nf6 25. f3 Rc7 26. Na5 Qa8 27. Nd1 Rxc2 28.
Qxc2 Ne8 29. Qd2 f6 30. Qe3 Rc8 31. Rxc8 Nxc8 32. Kg2 Qb8 33. Kf2 Ne7 34. Nb2
Nc7 35. Nd3 Na8 36. Bd1 Nb6 37. Bb3 Ng8 38. Ke2 Nh6 39. Qc1 Nf7 40. Qc3 Nd8 41.
Kd2 Na8 42. Bd1 Qb6 43. Be2 Nb7 44. Nb3 Qd8 45. Qc1 Qb6 46. Ndc5 dxc5 47. bxc5
Qc7 48. c6 Na5 49. Nxa5 Qxa5+ 50. Qc3 Qxc3+ 51. Kxc3 Bc8 52. Kb4 Kf8 53. Kc5
Ke7 54. Bd1 Kd8 55. Bb3 Nc7 56. d6 Ne6+ 57. Bxe6 Bxe6 58. Kb6 Bc8 59. d7 Bxd7
60. cxd7 Kxd7 61. Kxa6 Kc6 62. Ka7 1/2-1/2

[Event "Bundesliga 9798"]
[Site "Deutschland"]
[Date "1998.??.??"]
[Round "?.7"]
[White "Helbig, Uwe"]
[Black "Apel, Stefan"]
[Result "1/2-1/2"]
[WhiteElo "2240"]
[BlackElo "2305"]
[PlyCount "48"]
[EventDate "1997.10.??"]
[EventType "team"]
[EventRounds "15"]
[EventCountry "GER"]
[SourceTitle "Bundesliga 9798"]
[Source "DeepChess"]
[SourceDate "2005.01.01"]
[SourceVersion "1"]
[SourceVersionDate "2005.01.01"]
[SourceQuality "1"]
[WhiteTeam "USG Chemnitz"]
[BlackTeam "SV Empor Berlin e.V."]
[WhiteTeamCountry "GER"]
[BlackTeamCountry "GER"]

1. d4 Nf6 2. Nf3 e6 3. Bg5 c5 4. c3 b6 5. e3 Bb7 6. Nbd2 Be7 7. Bd3 h6 8. Bxf6
Bxf6 9. Qe2 Nc6 10. Rd1 Qc7 11. O-O O-O 12. Bb1 d5 13. Qd3 g6 14. e4 cxd4 15.
exd5 exd5 16. Nxd4 Nxd4 17. cxd4 Rac8 18. Nf3 Rfe8 19. h3 Kg7 20. Rfe1 Bc6 21.
Qd2 Qd6 22. Bd3 Bd7 23. Rc1 Rxc1 24. Rxc1 a5 1/2-1/2

[Event "Bundesliga 9798"]
[Site "Deutschland"]
[Date "1998.??.??"]
[Round "?.8"]
[White "Kleeschaetzky, Ralf"]
[Black "Ahner, Andreas"]
[Result "0-1"]
[WhiteElo "2265"]
[BlackElo "2250"]
[PlyCount "80"]
[EventDate "1997.10.??"]
[EventType "team"]
[EventRounds "15"]
[EventCountry "GER"]
[SourceTitle "Bundesliga 9798"]
[Source "DeepChess"]
[SourceDate "2005.01.01"]
[SourceVersion "1"]
[SourceVersionDate "2005.01.01"]
[SourceQuality "1"]
[WhiteTeam "SV Empor Berlin e.V."]
[BlackTeam "USG Chemnitz"]
[WhiteTeamCountry "GER"]
[BlackTeamCountry "GER"]

1. Nf3 Nf6 2. c4 g6 3. Nc3 Bg7 4. e4 d6 5. d4 O-O 6. Be2 e5 7. O-O Nbd7 8. Qc2
c6 9. Rd1 Qe7 10. Be3 Re8 11. d5 c5 12. Rab1 Ng4 13. Bd2 Bh6 14. h3 Bxd2 15.
Qxd2 Ngf6 16. Ne1 b6 17. a3 Rb8 18. Qc2 Bb7 19. Qa4 a6 20. Qc2 Rf8 21. b4 cxb4
22. axb4 Rbc8 23. Qb3 Rc7 24. Rbc1 Ne8 25. Nd3 Ng7 26. Na4 Qg5 27. c5 b5 28.
Nab2 Nf6 29. cxd6 Rxc1 30. Rxc1 Nxe4 31. Rc7 Nxd6 32. Nc5 Bc8 33. Rc6 Ngf5 34.
Qd3 Rd8 35. Nd1 Nd4 36. Rb6 Bf5 37. Qe3 Qxe3 38. fxe3 Nxe2+ 39. Kf2 Nc1 40. Nb2
Na2 0-1

[Event "Bundesliga 9798"]
[Site "Deutschland"]
[Date "1997.??.??"]
[Round "?.1"]
[White "Balashov, Yuri S"]
[Black "Votava, Jan"]
[Result "1-0"]
[WhiteElo "2550"]
[BlackElo "2515"]
[PlyCount "135"]
[EventDate "1997.10.??"]
[EventType "team"]
[EventRounds "15"]
[EventCountry "GER"]
[SourceTitle "Bundesliga 9798"]
[Source "DeepChess"]
[SourceDate "2005.01.01"]
[SourceVersion "1"]
[SourceVersionDate "2005.01.01"]
[SourceQuality "1"]
[WhiteTeam "SVG Plettenberg"]
[BlackTeam "SV Erfurt West 90"]
[WhiteTeamCountry "GER"]
[BlackTeamCountry "GER"]

1. e4 c5 2. Nc3 e6 3. Nf3 a6 4. g3 b5 5. d4 cxd4 6. Nxd4 Bb7 7. Bg2 Nc6 8. O-O
Nxd4 9. Qxd4 Ne7 10. Bf4 Nc6 11. Qd2 d6 12. a4 bxa4 13. Nxa4 Ne5 14. Rfd1 Rc8
15. b3 Be7 16. c4 g5 17. Be3 g4 18. Bb6 Qd7 19. Bd4 Qc7 20. c5 f6 21. Bxe5 dxe5
22. Qh6 Rg8 23. Qxh7 Rg5 24. Nb6 Rd8 25. Qh8+ Kf7 26. Rxd8 Qxd8 27. Qxd8 Bxd8
28. Nc4 Bc7 29. Rd1 Ke7 30. Nd6 Bc6 31. Bf1 Rg8 32. Bxa6 Rb8 33. Bc4 Rd8 34.
Be2 Rb8 35. Bxg4 Rxb3 36. Be2 Rc3 37. Nb5 Bxb5 38. Bxb5 Rxc5 39. Rd7+ Kf8 40.
Ba4 Ba5 41. Bb3 Rc6 42. h4 Rb6 43. Bc4 Rc6 44. Be2 Rc7 45. Rd6 Ke7 46. Ra6 Bb4
47. Bg4 Rc2 48. Ra7+ Kf8 49. Bxe6 Bc5 50. Rf7+ Ke8 51. Rxf6 Ke7 52. Rg6 Rxf2
53. Kh1 Re2 54. Bd5 Bd4 55. h5 Re1+ 56. Kg2 Re2+ 57. Kh3 Re1 58. g4 Rf1 59. g5
Rh1+ 60. Kg4 Rg1+ 61. Kf3 Rf1+ 62. Kg2 Rg1+ 63. Kf3 Rf1+ 64. Ke2 Rf2+ 65. Kd3
Rf3+ 66. Kc4 Rc3+ 67. Kb5 Rh3 68. h6 1-0

[Event "Bundesliga 9798"]
[Site "Deutschland"]
[Date "1997.??.??"]
[Round "?.2"]
[White "Casper, Thomas"]
[Black "Kupreichik, Viktor D"]
[Result "1/2-1/2"]
[WhiteElo "2415"]
[BlackElo "2500"]
[PlyCount "125"]
[EventDate "1997.10.??"]
[EventType "team"]
[EventRounds "15"]
[EventCountry "GER"]
[SourceTitle "Bundesliga 9798"]
[Source "DeepChess"]
[SourceDate "2005.01.01"]
[SourceVersion "1"]
[SourceVersionDate "2005.01.01"]
[SourceQuality "1"]
[WhiteTeam "SV Erfurt West 90"]
[BlackTeam "SVG Plettenberg"]
[WhiteTeamCountry "GER"]
[BlackTeamCountry "GER"]

1. e4 c5 2. Nf3 Nc6 3. Bb5 d6 4. O-O Bd7 5. Re1 Nf6 6. h3 g6 7. c3 Bg7 8. d4
O-O 9. dxc5 dxc5 10. a4 a6 11. Bf1 Na5 12. e5 Ne8 13. Na3 Nc7 14. Nc4 Nxc4 15.
Bxc4 Bc6 16. Qxd8 Rfxd8 17. Be3 Bxf3 18. gxf3 b5 19. Bf1 Ne6 20. axb5 axb5 21.
Rxa8 Rxa8 22. Bxb5 Rb8 23. Bc4 Rxb2 24. Bxe6 fxe6 25. Bxc5 Rc2 26. Bd4 Bh6 27.
Ra1 Bd2 28. Ra8+ Kf7 29. Rc8 Rc1+ 30. Kg2 g5 31. Rc7 Bf4 32. Rb7 h5 33. Ra7 Re1
34. Bc5 Bxe5 35. Bxe7 Kg6 36. Ra5 Bf6 37. Bxf6 Kxf6 38. Rc5 Rc1 39. Rc8 h4 40.
c4 Ke7 41. Rc7+ Kd6 42. Rg7 Rxc4 43. Rxg5 Rf4 44. Rg4 Ke5 45. Kf1 Rxf3 46. Rxh4
Kf5 47. Kg2 Ra3 48. Rg4 Rb3 49. Rg3 Rb4 50. Rf3+ Kg5 51. Kg3 e5 52. Re3 Kf5 53.
Ra3 Rc4 54. Re3 Ra4 55. Re1 Ra8 56. h4 Rg8+ 57. Kf3 Rh8 58. Rh1 e4+ 59. Kg3
Rg8+ 60. Kh3 Kf4 61. Re1 Kf3 62. Re3+ Kxf2 63. Rxe4 1/2-1/2

[Event "Bundesliga 9798"]
[Site "Deutschland"]
[Date "1997.??.??"]
[Round "?.3"]
[White "Danner, Georg"]
[Black "Kuczynski, Robert"]
[Result "1/2-1/2"]
[WhiteElo "2415"]
[BlackElo "2495"]
[PlyCount "39"]
[EventDate "1997.10.??"]
[EventType "team"]
[EventRounds "15"]
[EventCountry "GER"]
[SourceTitle "Bundesliga 9798"]
[Source "DeepChess"]
[SourceDate "2005.01.01"]
[SourceVersion "1"]
[SourceVersionDate "2005.01.01"]
[SourceQuality "1"]
[WhiteTeam "SVG Plettenberg"]
[BlackTeam "SV Erfurt West 90"]
[WhiteTeamCountry "GER"]
[BlackTeamCountry "GER"]

1. d4 Nf6 2. Nf3 d5 3. c4 e6 4. Bg5 h6 5. Bxf6 Qxf6 6. Nc3 c6 7. e3 Nd7 8. Bd3
dxc4 9. Bxc4 g6 10. O-O Bg7 11. e4 e5 12. d5 Nb6 13. Bb3 O-O 14. Rc1 Rd8 15.
Qe2 Bg4 16. h3 Bxf3 17. Qxf3 Qxf3 18. gxf3 Bf8 19. dxc6 bxc6 20. Rfd1 1/2-1/2

[Event "Bundesliga 9798"]
[Site "Deutschland"]
[Date "1997.??.??"]
[Round "?.4"]
[White "Mueller, Matthias"]
[Black "Baumegger, Siegfried"]
[Result "1-0"]
[WhiteElo "2400"]
[BlackElo "2485"]
[PlyCount "79"]
[EventDate "1997.10.??"]
[EventType "team"]
[EventRounds "15"]
[EventCountry "GER"]
[SourceTitle "Bundesliga 9798"]
[Source "DeepChess"]
[SourceDate "2005.01.01"]
[SourceVersion "1"]
[SourceVersionDate "2005.01.01"]
[SourceQuality "1"]
[WhiteTeam "SV Erfurt West 90"]
[BlackTeam "SVG Plettenberg"]
[WhiteTeamCountry "GER"]
[BlackTeamCountry "GER"]

1. e4 e6 2. d4 d5 3. Nc3 Bb4 4. e5 c5 5. a3 Bxc3+ 6. bxc3 Qc7 7. Qg4 f5 8. Qg3
cxd4 9. cxd4 Ne7 10. Bd2 O-O 11. Bd3 b6 12. Ne2 Ba6 13. Nf4 Qd7 14. h4 Bxd3 15.
Qxd3 Nbc6 16. Rh3 Rac8 17. Rg3 Rf7 18. h5 Kf8 19. h6 g6 20. Kf1 Kg8 21. Kg1 Kh8
22. Nh3 Nd8 23. Bg5 Ng8 24. Nf4 Rf8 25. Re1 Re8 26. Bf6+ Nxf6 27. exf6 Qd6 28.
Qd2 Nf7 29. Nd3 Qd8 30. Rge3 Qxf6 31. Nf4 Nxh6 32. Rxe6 Rxe6 33. Rxe6 Qh4 34.
g3 Qd8 35. Nxg6+ Kg7 36. Ne7 Nf7 37. Nxc8 Qxc8 38. Re7 Kg8 39. Qe2 Qc3 40. Qe6
1-0

[Event "Bundesliga 9798"]
[Site "Deutschland"]
[Date "1997.??.??"]
[Round "?.5"]
[White "Luecke, Norbert"]
[Black "Renner, Christoph"]
[Result "0-1"]
[WhiteElo "2375"]
[BlackElo "2415"]
[PlyCount "54"]
[EventDate "1997.10.??"]
[EventType "team"]
[EventRounds "15"]
[EventCountry "GER"]
[SourceTitle "Bundesliga 9798"]
[Source "DeepChess"]
[SourceDate "2005.01.01"]
[SourceVersion "1"]
[SourceVersionDate "2005.01.01"]
[SourceQuality "1"]
[WhiteTeam "SVG Plettenberg"]
[BlackTeam "SV Erfurt West 90"]
[WhiteTeamCountry "GER"]
[BlackTeamCountry "GER"]

1. e4 e5 2. Nf3 Nc6 3. Bb5 a6 4. Ba4 Nf6 5. d3 d6 6. c4 g6 7. Nc3 Bg7 8. Nd5
Bg4 9. h3 Bxf3 10. Qxf3 Nd7 11. Be3 O-O 12. O-O Rb8 13. b4 Kh8 14. Rac1 f5 15.
b5 Nd4 16. Bxd4 exd4 17. Qd1 fxe4 18. dxe4 Nc5 19. f3 Rf7 20. Nb4 Qg5 21. Nd5
Qg3 22. Rb1 axb5 23. cxb5 Rbf8 24. Rb4 Nxe4 25. Rxd4 Ng5 26. Rg4 Nxh3+ 27. Kh1
Qxg4 0-1

[Event "Bundesliga 9798"]
[Site "Deutschland"]
[Date "1997.??.??"]
[Round "?.6"]
[White "Fuhrmann, Daniel"]
[Black "Schroll, Gerhard"]
[Result "1/2-1/2"]
[WhiteElo "2295"]
[BlackElo "2405"]
[PlyCount "93"]
[EventDate "1997.10.??"]
[EventType "team"]
[EventRounds "15"]
[EventCountry "GER"]
[SourceTitle "Bundesliga 9798"]
[Source "DeepChess"]
[SourceDate "2005.01.01"]
[SourceVersion "1"]
[SourceVersionDate "2005.01.01"]
[SourceQuality "1"]
[WhiteTeam "SV Erfurt West 90"]
[BlackTeam "SVG Plettenberg"]
[WhiteTeamCountry "GER"]
[BlackTeamCountry "GER"]

1. d4 f5 2. g3 Nf6 3. Bg2 g6 4. c4 Bg7 5. Nc3 O-O 6. Nh3 Nc6 7. Nf4 d6 8. d5
Ne5 9. b3 c6 10. O-O Bd7 11. Bb2 Qe8 12. Qd2 Bh6 13. e3 g5 14. Nd3 g4 15. Nxe5
dxe5 16. dxc6 bxc6 17. Na4 f4 18. Rfd1 Bf5 19. Bxe5 f3 20. Bf1 Ne4 21. Qe1 Qh5
22. Nc3 Ng5 23. e4 Be6 24. Bd4 Nh3+ 25. Kh1 Bg7 26. Bxg7 Kxg7 27. Bxh3 Qxh3 28.
Qf1 Qh5 29. Rd3 Rf6 30. Rad1 Rh6 31. h4 gxh3 32. Kh2 Rf6 33. Qe1 Qe5 34. Qe3 h5
35. Qd4 Qxd4 36. Rxd4 Rg8 37. Rd8 Rxd8 38. Rxd8 h4 39. gxh4 Rg6 40. Nd1 Rg2+
41. Kh1 Rg4 42. Ne3 Rxe4 43. Kh2 Rxh4 44. Ra8 Re4 45. Kg3 Rh4 46. Kh2 Re4 47.
Kg3 1/2-1/2

[Event "Bundesliga 9798"]
[Site "Deutschland"]
[Date "1997.??.??"]
[Round "?.7"]
[White "Thiel, Thomas"]
[Black "Foetsch, Daniel"]
[Result "0-1"]
[WhiteElo "2345"]
[BlackElo "2170"]
[PlyCount "52"]
[EventDate "1997.10.??"]
[EventType "team"]
[EventRounds "15"]
[EventCountry "GER"]
[SourceTitle "Bundesliga 9798"]
[Source "DeepChess"]
[SourceDate "2005.01.01"]
[SourceVersion "1"]
[SourceVersionDate "2005.01.01"]
[SourceQuality "1"]
[WhiteTeam "SVG Plettenberg"]
[BlackTeam "SV Erfurt West 90"]
[WhiteTeamCountry "GER"]
[BlackTeamCountry "GER"]

1. e4 e6 2. d4 d5 3. Nc3 Nf6 4. Bg5 Be7 5. e5 Nfd7 6. h4 c5 7. Nb5 f6 8. exf6
Nxf6 9. Nf3 a6 10. Nc3 cxd4 11. Nxd4 Nc6 12. Qd2 e5 13. Nf3 Be6 14. O-O-O d4
15. Ne2 Qd5 16. b3 Ne4 17. Qe1 Bb4 18. Bd2 Nxd2 19. Nxd2 Qc5 20. Ne4 Qa5 21. c3
Qxa2 22. cxb4 Qa3+ 23. Kb1 Qxb3+ 24. Kc1 Nxb4 25. Nd6+ Kd7 26. Nxd4 exd4 0-1